| 000 | 00425nam a22001697a 4500 | ||
|---|---|---|---|
| 999 |
_c4054 _d4054 |
||
| 003 | OSt | ||
| 005 | 20220317082104.0 | ||
| 008 | 220317b ||||| |||| 00| 0 eng d | ||
| 020 | _a0898742684 | ||
| 040 | _cALUPE UNIVERSITY | ||
| 050 |
_aRJ103 _b.G7 1970 |
||
| 245 | _aEducational Health and Behaviour | ||
| 260 |
_aNew York _bLongman Group Limited _c1970 |
||
| 300 | _a474pgs | ||
| 500 | _aInlc. index | ||
| 942 |
_2lcc _cBK _nDO |
||